00819 2200337 4500001002100000005001500021035002000036007000300056008004100059020001800100082000800118084001400126084001800140084001800158084001800176100001800194245006200212250001100274260003200285300003400317650001300351990001300364990001300377990001300390990001300403990001300416990001300429990001300442990001300455990001300468INLIS00000000000796720230714040010 a0010-0222000249ta230714 g 0 ind  a9786025874130 a910 a910 MOM g a910 MOM g C.1 a910 MOM g C.2 a910 MOM g C.30 aMomon Sudarma1 aGeografi :bditinjau dari ragam aspeknya /cMomon Sudarma aCet. 1 aYogyakarta :bMobius,c2019 a302 hlm :bill. ;c17 x 24 cm 4aGeografi a023.4234 a022.6184 a022.6185 a022.6186 a022.6683 a022.6682 a022.6681 a023.4235 a023.4236